| 000 | 01030nam a2200241Ia 4500 | ||
|---|---|---|---|
| 005 | 20240530110934.0 | ||
| 008 | 140319s2008 xx 000 0 ara d | ||
| 040 |
_aGCL / _cGCL |
||
| 082 | 0 | 4 |
_a811.5 / _bف د |
| 100 | 1 | _aابى فراس الحمدانى، الحارث بن سعيد بن حمدان | |
| 245 | 1 | 0 |
_aديوان ابى فراس الحمدانى / _cتاليف ابى فراس الحمدانى، الحارث بن سعيد بن حمدان ؛ معد محمد عبدالرحيم |
| 260 |
_aبيروت : _bدار الراتب الجامعية، _c2008 |
||
| 300 |
_a327 ص؛ _b20 سم |
||
| 490 | _aموسوعة مملكة الشعراء - المتقن فى الشعر العربى | ||
| 650 | 0 | 4 | _aالشعر العربى |
| 650 | 0 | 4 | _aالادب العربى |
| 650 | 0 | 4 | _aدواوين وقصائد |
| 650 | 0 | 4 | _aابى فراس الحمدانى |
| 650 | 0 | 4 | _aتاريخ ونقد |
| 700 |
_aمحمد عبدالرحيم _eمعد |
||
| 942 |
_2ddc _cBK |
||
| 999 |
_c66699 _d66699 |
||